[Event "GER-ch U25-B"]
[Site "Willingen"]
[Date "2023.05.31"]
[Round "5"]
[White "Aguike, Chidera"]
[Black "Kraus, Linus"]
[Result "0-1"]
[WhiteElo "1449"]
[BlackElo "1532"]
[PlyCount "82"]
[EventDate "2023.05.27"]
[EventType "swiss"]
[EventRounds "9"]
[EventCountry "GER"]
[SourceTitle "CBM 214 Extra"]
[Source "ChessBase"]
[SourceDate "2023.07.31"]
[SourceVersion "1"]
[SourceVersionDate "2023.07.31"]
[SourceQuality "1"]

1. e4 e6 2. d4 d5 3. Nc3 Nc6 4. e5 a6 5. Nf3 Nge7 6. Bd3 Nb4 7. Be2 c5 8. dxc5 Ng6 9. Be3 Nc6 10. Nd4 Ngxe5 11. 0-0 Be7 12. Nxc6 Nxc6 13. Na4 0-0 14. c3 Qc7 15. g3 Rd8 16. Nb6 Rb8 17. Bf3 Ne5 18. b4 Nc4 19. Nxc4 dxc4 20. Qe2 Bf6 21. Qxc4 Bd7 22. Qb3 Bc6 23. Bg2 Bxg2 24. Kxg2 Qc6+ 25. Kg1 Rd3 26. Rac1 Qf3 27. Rfe1 Rbd8 28. Qb2 h5 29. Rc2 h4 30. gxh4 Bxh4 31. Bd4 Qg4+ 32. Kf1 Rh3 33. Be5 Qc4+ 34. Kg2 Qg4+ 35. Kf1 Rhd3 36. Bg3 Rd1 37. Rc1 R8d2 38. Qb1 Bxg3 39. Rcxd1 Rxf2+ 40. Kg1 Bh4+ 41. Kh1 Qg2# 0-1

[Event "GER-ch U25-B"]
[Site "Willingen"]
[Date "2023.05.29"]
[Round "3"]
[White "Golke, Philipp"]
[Black "Kraus, Linus"]
[Result "1/2-1/2"]
[WhiteElo "1374"]
[BlackElo "1532"]
[PlyCount "99"]
[EventDate "2023.05.27"]
[EventType "swiss"]
[EventRounds "9"]
[EventCountry "GER"]
[SourceTitle "CBM 214 Extra"]
[Source "ChessBase"]
[SourceDate "2023.07.31"]
[SourceVersion "1"]
[SourceVersionDate "2023.07.31"]
[SourceQuality "1"]

1. e4 e6 2. Qe2 e5 3. Nf3 Nc6 4. d3 Nf6 5. Nc3 Bc5 6. Bg5 h6 7. Bh4 d6 8. h3 Be6 9. Na4 Bb6 10. Nxb6 axb6 11. a3 Qe7 12. Qd2 0-0 13. Be2 d5 14. 0-0 dxe4 15. Bxf6 Qxf6 16. dxe4 Rfd8 17. Qe3 Rd7 18. Nh2 Nd4 19. Bd3 Rad8 20. f4 exf4 21. Rxf4 Qe7 22. Raf1 Qc5 23. Qf2 Nb3 24. cxb3 Qxf2+ 25. R4xf2 Rxd3 26. b4 Rd2 27. Nf3 Rxf2 28. Rxf2 Rd3 29. Kh2 Re3 30. e5 Bd5 31. Kg3 g5 32. Rd2 c6 33. Kf2 Re4 34. b5 Rf4 35. bxc6 bxc6 36. Rd4 Rf5 37. Rb4 b5 38. Rd4 Bxf3 39. gxf3 Rxe5 40. Rd6 Rc5 41. Rxh6 Kg7 42. Rd6 Rc2+ 43. Kg3 Rxb2 44. Rxc6 Rb3 45. Rb6 f6 46. Kg4 Kg6 47. Rb7 Rb1 48. Kg3 Rb3 49. Kg4 Rxa3 50. Rxb5 1/2-1/2